| 000 | 01022nam a2200313 a 4500 | ||
|---|---|---|---|
| 001 | vtls001528559 | ||
| 003 | NLI | ||
| 005 | 20210627144830.0 | ||
| 008 | 121212m19501953enk 000 0 eng | ||
| 039 | 9 |
_y201212121617 _zVLOAD |
|
| 040 | 0 |
_aNLI _beng _cXData_1 _eAACR2 |
|
| 041 | 0 | _aeng | |
| 044 | _aenk | ||
| 082 | _a107 | ||
| 245 | 0 | 0 |
_aTroy / _cby Carl W. Blegen...[et.al] |
| 260 |
_aLondon : _bPrinceton University Press, _c1950-1953 |
||
| 300 |
_a-v. ; _c30 cm. |
||
| 500 | _aLibrary has vol.1-3 | ||
| 505 | 0 | _aVol.1 General introduction the first and second settlements.-v.2 The third, fourth and fifth settlements.-v.3 The sixth settlement | |
| 650 | 0 |
_aHistory, Ancient _9684830 |
|
| 700 | 1 |
_aBlegen, Carl W., _4jt. aut |
|
| 740 | 0 | 2 | _aGeneral introduction the first and second settlements. |
| 740 | 4 | 2 | _aThe third, fourth and fifth settlements |
| 740 | 4 | 2 | _aThe sixth settlement |
| 887 | _a | ||
| 901 |
_aIMP298436 _b29.03.1954 _9v.2,pt.1 |
||
| 902 | _a107 A 27 | ||
| 999 |
_aVIRTUA40 _c977955 _d977955 |
||
| 942 |
_2ddc _cBKS |
||